00414nam a22001577a 45000050016000000100014000160200025000300350013000550370013000680820008000811000018000892450052001072600036001592700037001953000024002322010072804404.0 aENG-97196 a9789380017174c80.00 aEN-80729 bDBAD/PUB a519 aSivasakthi, K aMathematical Satatistics-II /cby K. Sivasakthi aChennaibToday Publishersc2008 a192 Bells Road bChennaie600005 a108 p.c20 cm.(pbk)